000 00685nam a2200229Ia 4500
001 9381
003 GE_BSU
008 181216s||||||||xx |||||||||||||| ||und||
040 _cGE_BSU
080 _a821.353.1–1
100 _aმალაზონია,ნესტორ
245 _aრამაშა
245 _bლექსები
245 _cრედ.შოთა როყვა,მხატვ.ჯ.კაკულია
260 _aთბილისი
260 _bსაბჭოთა საქართველო
260 _c1968
300 _a69გვ.16სმ.
653 _aლექსები
653 _aრამაშა
942 _cBK
999 _c42677
_d42677